Test de Rapidité - Numéro de 1 à 300 - Statistiques

Statistiques générales
  • Ce quiz a été pris 820 fois
  • Le résultat moyen est 41 sur 301
Statistiques - réponses
Numéro % Correct
1
99%
2
98%
3
98%
4
96%
5
95%
6
95%
7
95%
8
95%
9
94%
10
88%
12
86%
11
85%
13
82%
14
81%
15
81%
16
80%
18
79%
17
78%
19
78%
22
77%
21
76%
20
75%
23
72%
24
71%
25
70%
26
70%
27
68%
28
67%
30
66%
29
65%
31
64%
32
64%
33
62%
34
58%
35
55%
36
55%
37
53%
38
53%
39
50%
41
50%
40
49%
42
48%
43
46%
44
46%
45
46%
46
41%
47
37%
48
37%
49
36%
50
32%
51
32%
52
32%
53
28%
54
26%
55
26%
56
25%
57
20%
62
19%
58
18%
59
17%
61
17%
63
17%
60
16%
66
15%
64
14%
65
13%
72
11%
71
10%
77
10%
67
9%
68
9%
73
9%
69
8%
70
8%
78
8%
82
8%
100
6%
74
6%
75
6%
76
6%
83
6%
88
6%
93
6%
99
6%
81
5%
92
5%
111
4%
123
4%
79
4%
80
4%
84
4%
85
4%
89
4%
90
4%
91
4%
94
4%
98
4%
222
3%
300
3%
86
3%
87
3%
95
3%
101
2%
112
2%
113
2%
120
2%
121
2%
200
2%
202
2%
212
2%
230
2%
96
2%
97
2%
102
1%
110
1%
114
1%
122
1%
131
1%
132
1%
151
1%
161
1%
171
1%
189
1%
203
1%
223
1%
229
1%
232
1%
233
1%
234
1%
242
1%
254
1%
255
1%
256
1%
289
1%
299
1%
103
0%
104
0%
105
0%
106
0%
107
0%
108
0%
109
0%
115
0%
116
0%
117
0%
118
0%
119
0%
124
0%
125
0%
126
0%
127
0%
128
0%
129
0%
130
0%
133
0%
134
0%
135
0%
136
0%
137
0%
138
0%
139
0%
140
0%
141
0%
142
0%
143
0%
144
0%
145
0%
146
0%
147
0%
148
0%
149
0%
150
0%
152
0%
153
0%
154
0%
155
0%
156
0%
157
0%
158
0%
159
0%
160
0%
162
0%
163
0%
164
0%
165
0%
166
0%
167
0%
168
0%
169
0%
170
0%
172
0%
173
0%
174
0%
175
0%
176
0%
177
0%
178
0%
179
0%
180
0%
181
0%
182
0%
183
0%
184
0%
185
0%
186
0%
187
0%
188
0%
190
0%
191
0%
192
0%
193
0%
194
0%
195
0%
196
0%
197
0%
198
0%
199
0%
201
0%
204
0%
205
0%
206
0%
207
0%
208
0%
209
0%
210
0%
211
0%
213
0%
214
0%
215
0%
216
0%
217
0%
218
0%
219
0%
220
0%
221
0%
224
0%
225
0%
226
0%
227
0%
228
0%
231
0%
235
0%
236
0%
237
0%
238
0%
239
0%
240
0%
241
0%
243
0%
244
0%
245
0%
246
0%
247
0%
248
0%
249
0%
250
0%
251
0%
252
0%
253
0%
257
0%
258
0%
259
0%
260
0%
261
0%
262
0%
263
0%
264
0%
265
0%
266
0%
267
0%
268
0%
269
0%
270
0%
271
0%
272
0%
273
0%
274
0%
275
0%
276
0%
277
0%
278
0%
279
0%
280
0%
281
0%
282
0%
283
0%
284
0%
285
0%
286
0%
287
0%
288
0%
290
0%
291
0%
292
0%
293
0%
294
0%
295
0%
296
0%
297
0%
298
0%
Aucun quiz correspondant
Distribution des résultats
% des personnes avec chaque résultat
Percentile par nombre de réponses
Votre historique - résultats
Vous n’avez pas pris ce quiz